000 00288nam a22001217a 4500
008 180131b xxu||||| |||| 00| 0 eng d
041 _aeng
080 _a574
100 _a9
101 _amje
245 _afield labboratory methods for general ecology
_cbrower.z
942 _2udc
_cBK
999 _c41326
_d41326